Pinoy vegetarian cookbook: (Record no. 2373)
[ view plain ]
| 000 -LEADER | |
|---|---|
| fixed length control field | 00611nam a22001937a 4500 |
| 003 - CONTROL NUMBER IDENTIFIER | |
| control field | URS |
| 005 - DATE AND TIME OF LATEST TRANSACTION | |
| control field | 20220114153031.0 |
| 008 - FIXED-LENGTH DATA ELEMENTS--GENERAL INFORMATION | |
| fixed length control field | 200226s2011 ph a|||| |||| 00| 0 eng d |
| 020 ## - INTERNATIONAL STANDARD BOOK NUMBER | |
| International Standard Book Number | 9789712724749 |
| 040 ## - CATALOGING SOURCE | |
| Transcribing agency | URS |
| Language of cataloging | eng |
| Modifying agency | rda |
| 050 14 - LIBRARY OF CONGRESS CALL NUMBER | |
| Classification number | TX 837 |
| Item number | .Z948 2011 |
| 100 1# - MAIN ENTRY--PERSONAL NAME | |
| Personal name | Zulueta-Dy,Dolly T. |
| 245 10 - TITLE STATEMENT | |
| Title | Pinoy vegetarian cookbook: |
| Remainder of title | 60 recipes even non-vegetarian would love |
| Statement of responsibility, etc. | Dolly T. Zulueta-Dy, Susana T. Dy |
| 260 ## - PUBLICATION, DISTRIBUTION, ETC. | |
| Place of publication, distribution, etc. | Manila: |
| Name of publisher, distributor, etc. | Anvil Publishing Incorporation; |
| Date of publication, distribution, etc. | [2011] |
| 300 ## - PHYSICAL DESCRIPTION | |
| Extent | xi 103 pages |
| Other physical details | with Illustration |
| Dimensions | 22 cm. |
| 650 ## - SUBJECT ADDED ENTRY--TOPICAL TERM | |
| Topical term or geographic name entry element | Vegetarian Cooking |
| 700 ## - ADDED ENTRY--PERSONAL NAME | |
| Personal name | Dy,Susana T. |
| 942 ## - ADDED ENTRY ELEMENTS (KOHA) | |
| Source of classification or shelving scheme | Library of Congress Classification |
| Koha item type | Filipiniana |
| Withdrawn status | Source of classification or shelving scheme | Damaged status | Not for loan | Collection code | Home library | Current library | Shelving location | Date acquired | Total Checkouts | Full call number | Barcode | Date last seen | Price effective from | Koha item type | Coded location qualifier | Copy number |
|---|---|---|---|---|---|---|---|---|---|---|---|---|---|---|---|---|
| Library of Congress Classification | Non-fiction | Cainta College Library | Cainta College Library | On Display | 10/24/2017 | TX 837.Z948 | URSCAI-3411 | 10/24/2017 | 10/24/2017 | Filipiniana | ||||||
| Library of Congress Classification | Non-fiction | Pililla College Library | Pililla College Library | General Stacks | 05/24/2016 | 641.5 Z8p 2010 | URSPIL-4153 | 07/25/2018 | 05/24/2016 | Filipiniana | purchased | 1 | ||||
| Library of Congress Classification | Non-fiction | Pililla College Library | Pililla College Library | General Stacks | 05/24/2016 | 641.5 Z8p 2010 | URSPIL-4092 | 05/24/2016 | 05/24/2016 | Filipiniana | purchased | 2 | ||||
| Library of Congress Classification | Non-fiction | Pililla College Library | Pililla College Library | General Stacks | 05/24/2016 | 641.5 Z8p 2010 | URSPIL-4093 | 05/24/2016 | 05/24/2016 | Filipiniana | purchased | 3 | ||||
| Library of Congress Classification | Non-fiction | Pililla College Library | Pililla College Library | General Stacks | 05/24/2016 | 641.5 Z8p 2010 | URSPIL-4094 | 05/24/2016 | 05/24/2016 | Filipiniana | purchased | 4 |